| 000 | 03306nam0a2200421 4500 | ||
|---|---|---|---|
| 001 | RU\NLR\BIBL_A\012112159 | ||
| 005 | 20191022155851.0 | ||
| 010 |
_a978-5-9999-3172-6 _9500 |
||
| 021 |
_aRU _bКН-П-19-065654 _9КН-П-19-4718 |
||
| 035 | _a(NLR Aleph) 012112159 | ||
| 035 | _a(RuMoRGB)010082374 | ||
| 090 |
_a11946684 _c11946684 |
||
| 100 | _a20191004d2019 k y0rusy50 ca | ||
| 101 | 0 | _arus | |
| 102 | _aRU | ||
| 105 | _aa z |00zy | ||
| 200 | 1 |
_aСовременные проблемы и перспективы развития строительства, теплогазоснабжения и энергообеспечения _eматериалы IX Национальной конференции с международным участием _fМинистерство сельского хозяйства Российской Федерации, Федеральное государственное бюджетное образовательное учреждение высшего образования Саратовский государственный аграрный университет имени Н. И. Вавилова _g[редакционная коллегия: д-р техн. наук, проф. Ф. К. Абдразаков, канд. техн. наук, доц. Т. В. Федюнина] |
|
| 210 |
_aСаратов _cФедеральное государственное бюджетное образовательное учреждение высшего образования "Саратовский государственный аграрный университет имени Н. И. Вавилова" _d2019 |
||
| 215 |
_a305 с. _cил., табл. _d21 |
||
| 313 | _a6-я конф. - 2017г. | ||
| 320 | _aБиблиогр. в конце ст. | ||
| 606 | 1 |
_aСтроительное дело _jСъезды, совещания и т.п _2nlr_sh1 _2nlr_sh2 _3RU\NLR\AUTH\6674089 |
|
| 606 | 1 |
_aГазоснабжение _jСъезды, совещания и т.п _2nlr_sh1 _2nlr_sh2 _3RU\NLR\AUTH\66265015 |
|
| 606 | 1 |
_aЭнергоснабжение _jСъезды, совещания и т.п _2nlr_sh1 _2nlr_sh2 _3RU\NLR\AUTH\6636502 |
|
| 606 | 1 |
_aТеплоснабжение _jСъезды, совещания и т.п _2nlr_sh1 _2nlr_sh2 _3RU\NLR\AUTH\66283306 |
|
| 686 | 1 | _aЗ19я431(0) | |
| 686 | 1 | _aЗ38я431(0) | |
| 686 | 1 | _aН763я431(0) | |
| 686 | 1 | _aН.я431(0) | |
| 702 | 1 |
_aАбдразаков _bФ. К. _gФярид Кинжаевич _4340 |
|
| 711 | 1 | 2 |
_a"Современные проблемы и перспективы развития строительства, теплогазоснабжения и энергообеспечения", национальная конференция с международным участием _d9 _f2019 _eСаратов _3RU\NLR\AUTH\880510010 |
| 712 | 0 | 2 |
_aСаратовский государственный аграрный университет им. Н. И. Вавилова _3RU\NLR\AUTH\8810041908 _4475 |
| 942 | _cBOOK | ||
| 980 | _aNBR | ||
| 980 | _aNB | ||